| 000 | 01790nam a2200241 4500 | ||
|---|---|---|---|
| 001 | 2162214035924060 | ||
| 003 | UA-OsUOA | ||
| 005 | 20230922111025.0 | ||
| 008 | 230922b un ||||| |||| 00| 0 ukr d | ||
| 040 |
_aUA-OsUOA _bukr _cUA-OsUOA _dUA-OsUOA |
||
| 041 | _aukr | ||
| 080 | _a82.09 | ||
| 090 |
_a82.09 _bП30 |
||
| 100 | _aПетраш О. | ||
| 245 |
_a"Руська трійця": М. Шашкевич, І. Вагилевич, Я. Гловацький иа їхні літературні послідовники _cО. Петраш |
||
| 250 | _aвид. 2-ге, доп. | ||
| 260 |
_aКиїв _bДніпро _c1986 |
||
| 300 | _a230 с. | ||
| 520 | _aУ книзі розповідається про громадську та літературну діяльність у 30-40-х роках XIX ст. членів гуртка передової української молоді «Руська трійця» на чолі з Маркіяном Шашкевичем. Зосереджується увага на літературно-публіцистичній, фольклористичній діяльності провідних учасників гуртка. Окремі сторінки присвячені славетному альманаху «Русалка Дністрова». Йдеться також про послідовників справи «Руської трійці» - М. Устіяновича, А. Могильницького, А. Моха. | ||
| 650 |
_2UDC _a82.09 Літературна критика. Літературні дослідження |
||
| 942 |
_2udc _cBK |
||
| 999 |
_c575147 _d575147 |
||